000 00841cam a2200229 a 4500
001 000009361
005 20200929161552.0
008 930129s1990 fr b 001 f spa
020 _a8400070232
040 _aDO-SdBNP
_cDLC
082 _aPe863.44
_bA694z
100 1 _aArguedas, José María.
_924136
245 1 3 _aEl zorro de arriba y el zorro de abajo /
_cJosé María Arguedas ; edición crítica, Eve-Marie Fell.
260 _a[Madrid], (España) :
_bArchivos CSIC ;
_bUniversite Paris X ;
_bCentre de Recherches Latino-Américaines,
_c1990.
300 _axxxi, 462 p. ;
_c25 cm.
440 0 _aColeccion Archivos
_v14
_924137
504 _aBibliografías: p. 444-462.
650 4 _aNovela peruana
_912569
650 4 _aLiteratura peruana
_ySIGLO XX
_914789
700 1 _aFell, Eve-Marie,
_924138
910 _aCatalogación por copia / LC
999 _c9121
_d9121